Clinically oriented anatomy of the dog & cat / (Record no. 1515)

MARC details
000 -LEADER
fixed length control field 01348cam a22003977i 4500
001 - CONTROL NUMBER
control field data
005 - DATE AND TIME OF LATEST TRANSACTION
control field 20260322212104.0
008 - FIXED-LENGTH DATA ELEMENTS--GENERAL INFORMATION
fixed length control field data
035 ## - SYSTEM CONTROL NUMBER
System control number 19876829
010 ## - LIBRARY OF CONGRESS CONTROL NUMBER
LC control number 2017300160
020 ## - INTERNATIONAL STANDARD BOOK NUMBER
International Standard Book Number 9781607975526
Qualifying information hardback
035 ## - SYSTEM CONTROL NUMBER
System control number (OCoLC)967247359
040 ## - CATALOGING SOURCE
Original cataloging agency CPV
Language of cataloging eng
Transcribing agency CPV
Description conventions rda
Modifying agency DLC
-- OCLCF
-- COO
-- DLC
042 ## - AUTHENTICATION CODE
Authentication code lccopycat
050 00 - LIBRARY OF CONGRESS CALL NUMBER
Classification number SF767.D6
Item number K86 2015
100 1# - MAIN ENTRY--PERSONAL NAME
Personal name Kumar, M. S. A.,
Relator term author.
245 10 - TITLE STATEMENT
Title Clinically oriented anatomy of the dog & cat /
Statement of responsibility, etc. M.S.A. Kumar.
246 3# - VARYING FORM OF TITLE
Title proper/short title Clinically oriented anatomy of the dog and cat
246 30 - VARYING FORM OF TITLE
Title proper/short title Dog & cat
250 ## - EDITION STATEMENT
Edition statement Second edition.
264 #1 - PRODUCTION, PUBLICATION, DISTRIBUTION, MANUFACTURE, AND COPYRIGHT NOTICE
Place of production, publication, distribution, manufacture Ronkonkoma, NY :
Name of producer, publisher, distributor, manufacturer Linus Learning,
Date of production, publication, distribution, manufacture, or copyright notice [2015]
300 ## - PHYSICAL DESCRIPTION
Extent xvi, 1380 pages :
Other physical details color illustrations ;
Dimensions 28 cm
336 ## - CONTENT TYPE
Content type term text
Source rdacontent
337 ## - MEDIA TYPE
Media type term unmediated
Source rdamedia
338 ## - CARRIER TYPE
Carrier type term volume
Source rdacarrier
504 ## - BIBLIOGRAPHY, ETC. NOTE
Bibliography, etc. note Includes bibliographical references and index.
650 #0 - SUBJECT ADDED ENTRY--TOPICAL TERM
Topical term or geographic name entry element Dogs
General subdivision Anatomy.
650 #0 - SUBJECT ADDED ENTRY--TOPICAL TERM
Topical term or geographic name entry element Cats
General subdivision Anatomy.
650 #0 - SUBJECT ADDED ENTRY--TOPICAL TERM
Topical term or geographic name entry element Veterinary anatomy.
650 #7 - SUBJECT ADDED ENTRY--TOPICAL TERM
Topical term or geographic name entry element Cats
General subdivision Anatomy.
Source of heading or term fast
Authority record control number or standard number (OCoLC)fst00849376
650 #7 - SUBJECT ADDED ENTRY--TOPICAL TERM
Topical term or geographic name entry element Dogs
General subdivision Anatomy.
Source of heading or term fast
Authority record control number or standard number (OCoLC)fst00896268
650 #7 - SUBJECT ADDED ENTRY--TOPICAL TERM
Topical term or geographic name entry element Veterinary anatomy.
Source of heading or term fast
Authority record control number or standard number (OCoLC)fst01165871
906 ## - LOCAL DATA ELEMENT F, LDF (RLIN)
a 7
b cbc
c copycat
d 2
e ncip
f 20
g y-gencatlg
925 0# -
-- acquire
-- 1 shelf copies
-- policy default
Holdings
Withdrawn status Lost status Damaged status Not for loan Home library Current library Shelving location Date acquired Total checkouts Full call number Barcode Date last seen Price effective from Koha item type
        Riverside Riverside General stacks 22/03/2026   SF767.D6 LOC-RPL-00062 22/03/2026 22/03/2026 Books